<?xml version="1.0" encoding="UTF-8"?>
<record
    xmlns:xsi="http://www.w3.org/2001/XMLSchema-instance"
    xsi:schemaLocation="http://www.loc.gov/MARC21/slim http://www.loc.gov/standards/marcxml/schema/MARC21slim.xsd"
    xmlns="http://www.loc.gov/MARC21/slim">

  <leader>01269nam a2200277 i 4500</leader>
  <controlfield tag="001">145519</controlfield>
  <controlfield tag="003">ES-MaACL</controlfield>
  <controlfield tag="005">20251124063455.0</controlfield>
  <controlfield tag="007">t|</controlfield>
  <controlfield tag="008">071015m19431944mx           ||||1| spa d</controlfield>
  <datafield tag="080" ind1=" " ind2=" ">
    <subfield code="a">272-789.5-76(794)"17"</subfield>
  </datafield>
  <datafield tag="080" ind1=" " ind2=" ">
    <subfield code="a">272-789.5-76(722)"17"</subfield>
  </datafield>
  <datafield tag="080" ind1=" " ind2=" ">
    <subfield code="a">913(794)(02)"17"</subfield>
  </datafield>
  <datafield tag="080" ind1=" " ind2=" ">
    <subfield code="a">913(722)(02)"17"</subfield>
  </datafield>
  <datafield tag="100" ind1="1" ind2=" ">
    <subfield code="a">Venegas, Miguel, </subfield>
    <subfield code="d">1680-1764</subfield>
    <subfield code="9">174580</subfield>
  </datafield>
  <datafield tag="245" ind1="1" ind2="9">
    <subfield code="a">Noticia de la California y de su conquista temporal y espiritual hasta el tiempo presente : </subfield>
    <subfield code="b">sacada de la historia manuscrita formada en M&#xE9;xico, a&#xF1;o de 1739 / </subfield>
    <subfield code="c">por el padre Miguel Venegas, de la Compa&#xF1;&#xED;a de Jes&#xFA;s ; y de otras noticias y relaciones, antiguas y modernas, a&#xF1;adida de algunos mapas...</subfield>
  </datafield>
  <datafield tag="260" ind1=" " ind2=" ">
    <subfield code="a">M&#xE9;xico : </subfield>
    <subfield code="b">Layac, </subfield>
    <subfield code="c">1943-1944.</subfield>
  </datafield>
  <datafield tag="300" ind1=" " ind2=" ">
    <subfield code="a">3 v. ; </subfield>
    <subfield code="c">25 cm.</subfield>
  </datafield>
  <datafield tag="534" ind1=" " ind2=" ">
    <subfield code="p">Reprod. de la ed. de: </subfield>
    <subfield code="c">Madrid : Vda. de Manuel Fern&#xE1;ndez, 1757.</subfield>
  </datafield>
  <datafield tag="610" ind1="2" ind2="4">
    <subfield code="a">Jesuitas-</subfield>
    <subfield code="x">Misiones-</subfield>
    <subfield code="z">California (Estados Unidos, Estado)</subfield>
    <subfield code="9">174581</subfield>
  </datafield>
  <datafield tag="610" ind1="2" ind2="4">
    <subfield code="a">Jesuitas-</subfield>
    <subfield code="x">Misiones-</subfield>
    <subfield code="z">Baja California (M&#xE9;xico, Pen&#xED;nsula)</subfield>
    <subfield code="9">174582</subfield>
  </datafield>
  <datafield tag="651" ind1=" " ind2="4">
    <subfield code="a">California (Estados Unidos, Estado)-</subfield>
    <subfield code="x">Descripci&#xF3;n.</subfield>
    <subfield code="9">174583</subfield>
  </datafield>
  <datafield tag="651" ind1=" " ind2="4">
    <subfield code="a">Baja California (M&#xE9;xico, Pen&#xED;nsula)-</subfield>
    <subfield code="x">Descripci&#xF3;n.</subfield>
    <subfield code="9">174584</subfield>
  </datafield>
  <datafield tag="852" ind1="4" ind2=" ">
    <subfield code="a">ES-MaACL</subfield>
    <subfield code="j">F-16179-81</subfield>
  </datafield>
  <datafield tag="999" ind1=" " ind2=" ">
    <subfield code="c">145519</subfield>
    <subfield code="d">145519</subfield>
  </datafield>
  <datafield tag="952" ind1=" " ind2=" ">
    <subfield code="0">0</subfield>
    <subfield code="1">0</subfield>
    <subfield code="4">0</subfield>
    <subfield code="7">0</subfield>
    <subfield code="a">ATENEOM</subfield>
    <subfield code="b">ATENEOM</subfield>
    <subfield code="c">SPP2</subfield>
    <subfield code="d">2008-01-17</subfield>
    <subfield code="e">SC</subfield>
    <subfield code="l">0</subfield>
    <subfield code="o">F-16179-81</subfield>
    <subfield code="p">1151895</subfield>
    <subfield code="r">2023-02-23 00:00:00</subfield>
    <subfield code="w">2023-02-23</subfield>
    <subfield code="y">MONOGRAFIA</subfield>
  </datafield>
</record>
